000 00361nam a2200145Ia 4500
008 130318s9999 xx 000 0 und d
020 _a8172242212
082 _a793.73 SUM/G
100 _aSummers, George J
245 _aGreat book of puzzles and teasers
260 _bJaico Publishing House
_aMumbai
300 _a256
650 _aPUZZLES
650 _aTEASERS
999 _c1148
_d1148